Équipes-types de la Ligue des Champions : 2025 - Statistiques

Statistiques générales
  • Ce quiz a été pris 175 fois
  • Le résultat moyen est 10 sur 11
Statistiques - réponses
Poste Joueur Club % Correct
Gardien Gianluigi Donnarumma PSG
99%
Ailier Lamine Yamal Barcelone
99%
Attaquant Ousmane Dembélé PSG
99%
Ailier Désiré Doué PSG
97%
Défenseur Nuno Mendes PSG
97%
Défenseur Achraf Hakimi PSG
96%
Milieu Vitinha PSG
95%
Milieu Declan Rice Arsenal
94%
Défenseur Marquinhos PSG
94%
Milieu Offensif Raphinha Barcelone
87%
Défenseur Alessandro Bastoni Inter Milan
79%
Aucun quiz correspondant
Distribution des résultats
% des personnes avec chaque résultat
Percentile par nombre de réponses
Votre historique - résultats
Vous n’avez pas pris ce quiz